| 000 | 00636nam a2200241Ia 4500 | ||
|---|---|---|---|
| 003 | OSt | ||
| 005 | 20220918174140.0 | ||
| 006 | a|||||r|||| 00| 0 | ||
| 007 | ta | ||
| 008 | 220917b |||||||| |||| 00| 0 eng d | ||
| 024 | _a10,702 | ||
| 037 | _cTextual | ||
| 040 |
_aARTS _cARTS _beng |
||
| 041 |
_2eng _aeng |
||
| 082 | _aM15g, N2 | ||
| 100 |
_aJohnson Arthur W. _949280 |
||
| 245 | 0 | _aThemes and Hudson manual of bookbinding | |
| 260 |
_aNew York _bThames and Hudson _c1992 |
||
| 300 |
_a224p _ccm. |
||
| 650 | _aINDUSTRIAL ARTS | ||
| 942 |
_hM15g, N2 _cTEXL _2CC |
||
| 999 |
_c151989 _d151989 |
||